000 00610nam a2200205Ia 4500
003 GCL
008 140319s9999 xx 000 0 ara d
040 _aGCL /
_cGCL
082 0 4 _a690.8
_bج ا
100 1 _aجرجس حلمى عازر
245 1 0 _aانهيار المبانى: اسبابها وعلاجها /
_cجرجس حلمى عازر
300 _a212 ص
490 _aمكتبة الاسرة
_v0
650 0 4 _aالمساكن
650 0 4 _aالكوارث
650 0 4 _aالمبانى - انهيار
650 0 4 _aالمبانى - هدم
650 0 4 _aالبناء - حوادث
942 _2ddc
_cBK
999 _c50219
_d50219